000 00314 a2200157 4500
001 177626
020 _a
040 _cMagnum
100 _aBraz,julio Emilio
240 1 0 _aTantos natais
_lpor
245 1 0 _aTantos natais
362 0 _a1899
440 1 _aPaulinas
697 _aMAGNITO: I/CONTO
942 _cBK
999 _c177626
_d177626